THE MATHEMATICS OF ENCRYPTION (Record no. 216650)
[ view plain ]
| 000 -LEADER | |
|---|---|
| fixed length control field | 00514nam a22001697a 4500 |
| 008 - FIXED-LENGTH DATA ELEMENTS--GENERAL INFORMATION | |
| fixed length control field | 260225b |||||||| |||| 00| 0 eng d |
| 020 ## - INTERNATIONAL STANDARD BOOK NUMBER | |
| International Standard Book Number | 978-0-8218-8321-1 |
| 100 ## - MAIN ENTRY--PERSONAL NAME | |
| Personal name | COZZENS, MARGARET |
| 245 ## - TITLE STATEMENT | |
| Title | THE MATHEMATICS OF ENCRYPTION |
| 260 ## - PUBLICATION, DISTRIBUTION, ETC. | |
| Place of publication, distribution, etc. | PROVIDENCE, RHODE |
| Name of publisher, distributor, etc. | AMERICAN MATHEMATICAL SOCIETY |
| Date of publication, distribution, etc. | 2013 |
| 300 ## - PHYSICAL DESCRIPTION | |
| Extent | XVIII, 332P. |
| 500 ## - GENERAL NOTE | |
| General note | INCLUDES BIBLIOGRAPHICAL REFERENCES AND INDEX |
| 650 ## - SUBJECT ADDED ENTRY | |
| Topical term or geographic name entry element | CODING THEORY-TEXTBOOKS |
| 700 ## - ADDED ENTRY--PERSONAL NAME | |
| Personal name | MILLER, STEVEN J, |
| 942 ## - ADDED ENTRY ELEMENTS (KOHA) | |
| Source of classification or shelving scheme | Library of Congress Classification |
| Koha item type | Long Loan Book |
| Withdrawn status | Lost status | Source of classification or shelving scheme | Damaged status | Not for loan | Collection | Home library | Current library | Date acquired | Inventory number | Total checkouts | Full call number | Barcode | Date last seen | Copy number | Price effective from | Koha item type |
|---|---|---|---|---|---|---|---|---|---|---|---|---|---|---|---|---|
| Library of Congress Classification | Science & Technology | Kisii University Library | Kisii University Library | 02/25/2026 | 111682 | QA 268 .C69 2013 | A000748 | 02/25/2026 | 1 | 02/25/2026 | Long Loan Book | |||||
| Library of Congress Classification | Science & Technology | Kisii University Library | Kisii University Library | 02/25/2026 | 111683 | QA 268 .C69 2013 | A000747 | 02/25/2026 | 2 | 02/25/2026 | Long Loan Book | |||||
| Library of Congress Classification | Science & Technology | Kisii University Library | Kisii University Library | 02/25/2026 | 111684 | QA 268 .C69 2013 | A000750 | 02/25/2026 | 3 | 02/25/2026 | Long Loan Book |